Lydia Dona (Record no. 11749)

MARC details
000 - LÍDER
campo de control de longitud fija 01409nam a2200253Ia 4500
008 - ELEMENTOS DE DATOS DE LONGITUD FIJA - INFORMACIÓN GENERAL
campo de control de longitud fija 0000002006 sp ad 0000000000mul00
090 ## - NÚMERO DE LLAMADA DE TIPO LC LOCALMENTE ASIGNADO (OCLC)
Número de clasificación (OCLC) (R) PRM00 L92l
245 10 - TÍTULO DECLARACIÓN
Título Lydia Dona
Declaración de responsabilidad / traducción Josephine Watson, Montse Holgado
260 ## - PUBLICACIÓN, DISTRIBUCIÓN
Lugar de publicación Barcelona : Galeria Joan Prats
Fecha de publicación 2006
300 ## - DESCRIPCIÓN FÍSICA
Alcance 39 p.
Dimensiones / 27 cm.
500 ## - NOTA GENERAL
Nota general Exposición realizada en Galeria Joan Prats, Barcelona, 2006 \ Artista nacida en Rumania y nacionalizada en Estados Unidos \ Incluye cronología del artista \ Texto en : español catalán inglés \ Proyecto Ganador Programa Apoyos Concertados FGAA 2010
501 ## - Con nota
Con nota Lydia Dona : zonas de conflicto luminoso = Zones de conflicts iluminós = Zones of luminous conflict / Raphael Rubinstein
505 ## - NOTA DE CONTENIDO FORMATEADA
Nota sobre el contenido formateado OBRAS : The engulfments of change Bordeline entanglements In the glow of urban shadows In the heat of desire, we got derailed Urban legends Hot flashes of an urban labyrinth The dialysis of urban delirium Infra scenarious Architectural biologies The temperature into the skin of micromacro
600 00 - ENTRADA DE SUJETO AÑADIDO - NOMBRE PERSONAL
Nombre de la persona DONA, LYDIA, 1955/
Subdivisión general TRABAJOS PICTORICOS
650 14 - ENTRADA DE SUJETO AÑADIDO - TÉRMINO TÓPICO
Término tópico o elemento de entrada del nombre geográfico ARTE CONTEMPORANEO RUMANO
650 14 - ENTRADA DE SUJETO AÑADIDO - TÉRMINO TÓPICO
Término tópico o elemento de entrada del nombre geográfico ARTISTAS PLASTICOS RUMANOS
650 14 - ENTRADA DE SUJETO AÑADIDO - TÉRMINO TÓPICO
Subdivisión general CATALOGOS
650 14 - ENTRADA DE SUJETO AÑADIDO - TÉRMINO TÓPICO
Subdivisión general EXPOSICIONES
650 14 - ENTRADA DE SUJETO AÑADIDO - TÉRMINO TÓPICO
Término tópico o elemento de entrada del nombre geográfico PINTORES RUMANOS
650 14 - ENTRADA DE SUJETO AÑADIDO - TÉRMINO TÓPICO
Término tópico o elemento de entrada del nombre geográfico PINTURA ACRILICA (ARTE)
650 14 - ENTRADA DE SUJETO AÑADIDO - TÉRMINO TÓPICO
Término tópico o elemento de entrada del nombre geográfico PINTURA AL OLEO
650 14 - ENTRADA DE SUJETO AÑADIDO - TÉRMINO TÓPICO
Término tópico o elemento de entrada del nombre geográfico PINTURA RUMANA
700 1# - ENTRADA AGREGADA - NOMBRE PERSONAL
Nombre de la persona Rubinstein, Raphael
Holdings
Estado de retirada Pérdida de estatus Estado dañado No para préstamo Código de recogida Ubicación permanente Ubicación actual Ubicación de las estanterías Fecha de adquisición Número de llamada completo Código de barras Fecha de la última vez que se vio Número de copia Precio efectivo desde Tipo de artículo Koha
        General ArtNexus ArtNexus General 06/09/2022 P-RM-00 L92L 11870 06/09/2022 Ej.1 06/09/2022 Libro

Powered by Koha